000 00695nam a22002297a 4500
005 20170123162318.0
010 _aB-029361
020 _c00.00
035 _aB-029361
037 _bCen Lib/Ret
040 _aDPL
_bUR
082 _a840.08
_bا ق ب
100 _aجگن ناتھ آزاد
_9115925
245 _aآج کل اور اقبال /
_cجگن ناتھ آزاد
246 _aAj ka aur iqbal /
_bby Jagan Nath Azad
300 _a174p.
_c21cm(Hb)
650 _aاردو ادب
_9115926
650 _aاردوساوانے عمری
_9115927
650 _aUrdu literature
_9115928
650 _aUrdu biography
_9511
942 _2ddc
_cUR
_h840.08
_mا ق ب
999 _c106898
_d106898